Smrť Usáma bin Ládina vo svetovej bezpečnosti nič nezmení

Autor vyjadruje svoje stanovisko k smrti hlavy teroristickej siete al-Kajdá. Skutočné príčiny terorizmu.

Gespeichert in:
Bibliographische Detailangaben
1. Verfasser: Škvrnda, František
Format: Buchkapitel
Sprache:Slowakisch
Schlagworte:
Tags: Tag hinzufügen
Keine Tags, Fügen Sie das erste Tag hinzu!

MARC

LEADER 00000nla$a2200000$$$4500
001 0133949
005 20240502072514.3
041 0 |a slo 
044 |a SK 
245 1 0 |a Smrť Usáma bin Ládina vo svetovej bezpečnosti nič nezmení  |c František Škvrnda 
520 |a Autor vyjadruje svoje stanovisko k smrti hlavy teroristickej siete al-Kajdá. Skutočné príčiny terorizmu. 
610 2 0 |a terorizmus 
610 2 0 |a bezpečnosť medzinárodná 
100 1 |a Škvrnda, František